Miasta w Polsce na literę Ż - Statystyki

Ogólne statystyki
  • Ten quiz został rozwiązany 331 razy
  • Średni wynik to 7 z 15
Statystyki odpowiedzi
Ludność Województwo Miasto % Poprawnych
62 844 Śląskie Żory
89%
39 992 Mazowieckie Żyrardów
81%
37 304 Lubuskie Żary
79%
25 668 Lubuskie Żagań
69%
31 091 Śląskie Żywiec
66%
13 793 Kujawsko-Pomorskie Żnin
55%
8 941 Mazowieckie Żuromin
43%
4 200 Małopolskie Żabno
33%
8 135 Pomorskie Żukowo
33%
6 443 Dolnośląskie Żmigród
27%
4 551 Śląskie Żarki
26%
8 109 Łódzkie Żychlin
26%
6 698 Dolnośląskie Żarów
24%
2 109 Wielkopolskie Żerków
21%
4 046 Mazowieckie Żelechów
20%
Nie znaleziono quizów pasujących do podanych kryteriów
Rozkład punktacji
Procent ludzi z każdym wynikiem
Percentyl według liczby udzielonych odpowiedzi
Twoja historia wyników
Nie rozwiązałeś tego quizu